| 000 | 00729na a2200277 4500 | ||
|---|---|---|---|
| 001 | 24464 | ||
| 003 | MIRAKIL | ||
| 005 | 20181226104234.0 | ||
| 008 | 181114b tu 000 0 | ||
| 020 | _a9758612077 | ||
| 035 | _a15247 | ||
| 041 | _atur | ||
| 082 |
_a324.2172 _bG98y 2002 |
||
| 090 | _a324.2172 G98y 2002 | ||
| 100 | _aGüvenç, Nazım | ||
| 245 |
_aYine, yeni, yeniden CHP _cNazım Güvenç |
||
| 246 | _aCHP | ||
| 260 |
_aİstanbul _bAnahtar Kitaplar _c2002 |
||
| 300 |
_a352 s. _c19 sm. |
||
| 440 | _aAnahtar Kitaplar yayınları | ||
| 490 | _aAraştırma-İnceleme dizisi | ||
| 610 |
_aCumhuriyet Halk Partisi (CHP) _xTarih |
||
| 700 | _a | ||
| 942 |
_2ddc _cBKS |
||
| 040 |
_aMilas _btur _cTR-AnCHP |
||
| 999 |
_c11799 _d11799 |
||